| 000 | 00801nam a2200217 a 4500 | ||
|---|---|---|---|
| 003 | 0 | ||
| 005 | 20250220122717.0 | ||
| 008 | 111114s19uu xx 00 eng d | ||
| 050 |
_aPGS GV 711.A84 _b.Al321 2011 |
||
| 100 | _aAlarcon, Timothy Gabriel D. | ||
| 245 |
_aAthletic training and attitude towards peers / _cTimothy Gabriel D. Alarcon. |
||
| 260 |
_aLas PiƱas City, Philippines : _bSouthville International School and Colleges, _c2011. |
||
| 300 |
_a26 pages : _billustrations ; _c28 cm. |
||
| 504 | _aIncludes bibliographical references. | ||
| 650 |
_aAthletic training _vPsychological aspects. |
||
| 650 |
_aSports _vSocial aspects, |
||
| 650 | _aPeer relations in children. | ||
| 650 |
_aTeam sports _vSocial influences. |
||
| 650 | _aSocial skills in children. | ||
| 942 |
_2lcc _cPASS |
||
| 999 |
_c98661 _d98661 |
||